00687nam a22001817a 4500010001300000020002300013035001300036037001600049040001200065082001300077110005400090245011300144260005700257300002600314942002200340999001900362952012400381 aB-061172 a8178330873c975.00 aB-061172 aCen Lib/Ret aDPLbEn a686bHAN bNational Institute of Industrial Research9112605 aHandbok on printing technologyboffset, gravure, flexo, screencby National Institute of Industrial Research aNew DelhibNational Institute of Industrial Research aviii, 644p b24cm(Pb) 2ddccENh686mHAN c136163d136163 00104070aLbLd2015-12-22eCen Lib/Retg975.00l0o686 HANpB-061172r2015-12-22 00:00:00t1v975.00w2015-12-22yEN